Muži v ofsajdu /
Uloženo v:
| Hlavní autor: | |
|---|---|
| Další autoři: | , , |
| Médium: | E-audiokniha |
| Jazyk: | Czech |
| Vydáno: |
Praha :
Supraphon,
[2009]
|
| Témata: | |
| Tagy: |
Žádné tagy |
| LEADER | 02894cim a2200541 i 4500 | ||
|---|---|---|---|
| 001 | 313334 | ||
| 003 | CZ PrSKC | ||
| 005 | 20260601215740.0 | ||
| 007 | sd fsngnnmmned | ||
| 008 | 090409p20091984xr nnn g f cze | ||
| 015 | |a cnb001867543 | ||
| 024 | 1 | |a 099925594121 | |
| 028 | 0 | 1 | |a SU 5941-2 |b Supraphon |
| 040 | |a ABA001 |b cze |d KVG001 |e rda | ||
| 072 | 7 | |a 821.162.3-3 |x Česká próza |2 Konspekt | |
| 080 | |a 821.162.3-31 |2 MRF | ||
| 080 | |a (0:82-311.5) |2 MRF | ||
| 080 | |a (086.76) |2 MRF | ||
| 100 | 1 | |a Poláček, Karel, |d 1892-1945 |7 jk01100136 |4 aut | |
| 245 | 1 | 0 | |a Muži v ofsajdu / |c Karel Poláček |
| 264 | 1 | |a Praha : |b Supraphon, |c [2009] | |
| 264 | 4 | |c ℗2009 | |
| 300 | |a 3 zvukové desky (76:13 ; 76:37 ; 77:13) : |b digital, stereo ; |c 12 cm | ||
| 306 | |a 011613 |a 011637 |a 011713 | ||
| 336 | |a mluvené slovo |b spw |2 rdacontent | ||
| 337 | |a audio |b s |2 rdamedia | ||
| 338 | |a audiodisk |b sd |2 rdacarrier | ||
| 344 | |a digital |g stereo |2 rda | ||
| 347 | |a audio soubor |b CD audio |2 rda | ||
| 500 | |a Název z disku | ||
| 500 | |a Původní fonogram p1984 Supraphon | ||
| 505 | 0 | |a Otec a syn -- Eman má místo -- O malém pánovi -- Eman mladší versus modes-robes -- Hubásko a vdova -- Pobočný závod vyzval mateřský závod na zápas -- O hrozném boji Slavie s Viktorkou a slavném zvítězení červené hvězdy -- Sen tlustého šéfa -- Sen Emana mladšího -- Viktoriáni poražení a na útěk obrácení -- Strašlivé zpustošení města Žižkova -- Teorie pana Hátle o manželství -- Řádění tornáda v Nuslích -- Krásný vzhled je na ten boží svět - la! - la! - la! -- Ženichové se nesmějí zabíjet -- Názory pana Načeradce o manželství -- Káva, bábovka a mezistátní match Maďarsko - Československo -- Melancholie vrchního číšníka -- Pan Kauders zahájil rozhodné kroky -- Svatební obřad | |
| 508 | |a Režie, výběr, sestava Tomáš Vondrovic | ||
| 511 | 0 | |a Čte Vlastimil Brodský ; hudební improvizace na akordeon Jaroslav Krček | |
| 518 | |a Nahráno ve studiu Lucerna v červenci 1983 | ||
| 650 | 0 | 7 | |a mluvené texty |7 ph122915 |2 czenas |
| 653 | 0 | |a audioknihy |a prózy |a humor |a kopaná |a Česko | |
| 655 | 7 | |a české romány |7 fd133974 |2 czenas | |
| 655 | 7 | |a humoristické romány |7 fd132431 |2 czenas | |
| 655 | 7 | |a kompaktní desky |7 fd201991 |2 czenas | |
| 700 | 1 | |a Vondrovic, Tomáš, |d 1948- |7 jk01150619 |4 drt |4 com | |
| 700 | 1 | |a Brodský, Vlastimil, |d 1920-2002 |7 jk01013147 |4 stl | |
| 700 | 1 | |a Krček, Jaroslav, |d 1939- |7 jn19990209419 |4 cmp |4 itr | |
| 900 | |a KVG001 |b 17 | ||
| 044 | |a xr | ||
| 910 | |a RBIT002 | ||
| 998 | |d 403300 |a https://core.palmknihy.cz/api/books/403300/cover?sgodhr |b https://core.palmknihy.cz/api/books/403300/cover/400?sgodhr |c https://core.palmknihy.cz/api/books/403300/cover/50?sgodhr |e 2099-01-01 |i 099925594121 |l 13792 |q 49 |r 1 |s https://www.palmknihy.cz/kniha/403300 |t audiobook |y 2009 |z 0 | ||
| 999 | |d 313332 | ||